|
|
|
|
| LEADER |
00000nam0a2200000 4500 |
| 001 |
182168 |
| 005 |
20231101223654.0 |
| 035 |
|
|
|a (RuTPU)RU\TPU\book\197452
|
| 090 |
|
|
|a 182168
|
| 100 |
|
|
|a 20100617d2009 m y0rusy50 ca
|
| 101 |
0 |
|
|a rus
|
| 102 |
|
|
|a RU
|
| 105 |
|
|
|a a j 001zy
|
| 200 |
1 |
|
|a Практикум по легкой атлетике
|e учебное пособие
|f Томский политехнический университет (ТПУ) ; сост. О. Н. Бобина, И. Н. Родичев
|
| 210 |
|
|
|a Томск
|c Изд-во ТПУ
|d 2009
|
| 215 |
|
|
|a 108 с.
|c ил.
|
| 320 |
|
|
|a Библиогр.: с. 107.
|
| 330 |
|
|
|a В пособии изложены методика обучения в легкой атлетике, возможные ошибки в выполнении упражнений и способы их устранения, выдержки из правил соревнований так или иначе влияющие на выполнение упражнений. Даны задания, выполнение которых поможет студентам освоить методику обучения и совершенствования техники легкоатлетических упражнений. Также представлены зачетные требования по данной дисциплине. Предназначено для студентов, обучающихся по специальности 032101 «Физическая культура и спорт».
|
| 606 |
1 |
|
|a Легкая атлетика
|2 stltpush
|3 (RuTPU)RU\TPU\subj\39896
|9 59795
|
| 610 |
1 |
|
|a спорт
|
| 610 |
1 |
|
|a физическое воспитание
|
| 610 |
1 |
|
|a обучение
|
| 610 |
1 |
|
|a легкоатлетические упражнения
|
| 610 |
1 |
|
|a методика
|
| 610 |
1 |
|
|a спортивная ходьба
|
| 610 |
1 |
|
|a бег
|
| 610 |
1 |
|
|a прыжки
|
| 610 |
1 |
|
|a метание
|
| 610 |
1 |
|
|a толкание ядра
|
| 610 |
1 |
|
|a правила
|
| 610 |
1 |
|
|a соревнования
|
| 610 |
1 |
|
|a практикумы
|
| 610 |
1 |
|
|a учебные пособия
|
| 610 |
1 |
|
|a труды учёных ТПУ
|
| 675 |
|
|
|a 796.42(076.5)
|v 3
|
| 702 |
|
1 |
|a Бобина
|b О. Н.
|g Ольга Николаевна
|4 220
|
| 702 |
|
1 |
|a Родичев
|b И. Н.
|g Игорь Николаевич
|4 220
|
| 712 |
0 |
2 |
|a Томский политехнический университет (ТПУ)
|c (1991-2009)
|2 stltpush
|3 (RuTPU)RU\TPU\col\376
|
| 801 |
|
1 |
|a RU
|b 63413507
|c 20100617
|
| 801 |
|
2 |
|a RU
|b 63413507
|c 20101225
|g RCR
|
| 900 |
|
|
|a Легкая атлетика
|
| 942 |
|
|
|c BK
|